|
|
|
|
| LEADER |
00000cam a2200000 a 4500 |
| 001 |
TG-264 |
| 005 |
20230308191220.0 |
| 008 |
977111|1966 ||||||||r|||||||||||spa|| |
| 040 |
|
|
|b spa
|
| 041 |
1 |
|
|a spa
|
| 245 |
|
|
|a Cosntantes historicas en la educacion oriental
|c Cristina Aguilar y Alicia Durán. Director Gregorio Rafael Galiana
|h dact
|
| 264 |
|
|
|a Cuenca
|c 1966
|
| 300 |
|
|
|a 38 páginas:
|c 27,5 cm
|
| 502 |
|
|
|a Profesor de segunda enseñanza
|b Universidad de Cuenca
|c filo
|d Galiana, Gregorio Rafael, dir.
|
| 504 |
|
|
|a incl. ref.
|
| 650 |
|
|
|a Seminario
|9 142
|
| 700 |
1 |
|
|a Aguilar Moscoso, Cristina.
|9 127009
|
| 700 |
1 |
|
|a Durán, Alicia
|e coautora
|9 248398
|
| 852 |
|
|
|a UC-CDJBV
|c ESTANTERIA CERRADA
|k margarita.gutierrez
|l 1
|m Limitada
|p 19771115
|q 1,00
|t TG-264
|y 58983
|b 1
|d CDRC
|e CDRC
|g ESTANTERIA CERRADA
|z 1977-71-11
|
| 942 |
|
|
|c TS
|
| 999 |
|
|
|c 75433
|d 75433
|